Top 100 American Newspapers Quiz Stats

Quiz not verified by Sporcle

Challenge
Share
Tweet
Embed
Score 0/100 Timer 12:00
0 Plays Today
Number in daily circulation Newspaper % Correct
927,851 copiesThe New York Times
96.9%
582,844 copiesThe Washington Post
86.7%
2,024,269 copiesThe Wall Street Journal
85.7%
657,467 copiesLos Angeles Times
85.7%
508,042 copiesNew York Post
85.4%
1,900,116 copiesUSA Today
78.9%
465,892 copiesChicago Tribune
77.9%
361,480 copiesThe Philadelphia Inquirer
64.6%
384,419 copiesHouston Chronicle
62.9%
264,105 copiesThe Boston Globe
62.9%
275,641 copiesChicago Sun-Times
62.2%
340,949 copiesThe Denver Post
61.2%
544,167 copiesDaily News
56.1%
269,729 copiesDetroit Free Press
55.1%
251,782 copiesSan Francisco Chronicle
53.7%
162,260 copiesMiami Herald
49%
263,810 copiesThe Dallas Morning News
47.6%
263,588 copiesThe Seattle Times
46.6%
217,545 copiesThe Sacramento Bee
42.2%
186,639 copiesThe Sun
42.2%
211,420 copiesThe Atlanta Journal-Constitution
41.8%
304,543 copiesStar Tribune
40.1%
357,124 copiesNewsday
38.8%
138,260 copiesBoston Herald
38.1%
216,226 copiesThe Kansas City Star
37.8%
271,180 copiesThe Plain Dealer
37.4%
316,874 copiesThe Arizona Republic
36.7%
213,472 copiesSt. Louis Post-Dispatch
36.7%
181,090 copiesOrlando Sentinel
35.7%
184,234 copiesPittsburgh Post-Gazette
34.4%
225,175 copiesSan Jose Mercury News
32.3%
249,163 copiesThe Oregonian
31.3%
240,147 copiesSt. Petersburg Times
31.3%
201,823 copiesThe Indianapolis Star
31.3%
Number in daily circulation Newspaper % Correct
159,655 copiesThe Times-Picayune
30.6%
183,742 copiesThe Columbus Dispatch
28.9%
246,006 copiesThe Star-Ledger
28.6%
185,220 copiesSt. Paul Pioneer Press
26.5%
167,585 copiesThe Charlotte Observer
26.5%
116,876 copiesThe Des Moines Register
26.2%
190,841 copiesMilwaukee Journal Sentinel
24.8%
242,705 copiesThe San Diego Union-Tribune
23.1%
168,511 copiesThe Cincinnati Enquirer
22.8%
167,849 copiesThe Detroit News
22.8%
143,758 copiesThe Hartford Courant
22.8%
165,511 copiesThe Buffalo News
20.1%
152,568 copiesThe Tampa Tribune
20.1%
147,212 copiesThe Oklahoman
20.1%
126,398 copiesFresno Bee
20.1%
167,364 copiesFort Worth Star-Telegram
19.4%
212,293 copiesThe Orange County Register
19%
131,960 copiesThe Tennessean
19%
153,340 copiesOmaha World-Herald
16.7%
176,638 copiesThe Courier-Journal
16.3%
142,164 copiesThe Commercial Appeal
16%
140,602 copiesAustin American-Statesman
16%
104,148 copiesThe Blade
16%
169,458 copiesArkansas Democrat-Gazette
15%
175,841 copiesLas Vegas Review-Journal
14.6%
152,156 copiesSan Antonio Express-News
14.6%
113,947 copiesThe Honolulu Advertiser
14.6%
102,392 copiesTulsa World
14.6%
174,852 copiesContra Costa Times
14.3%
114,336 copiesThe Palm Beach Post
14.3%
112,585 copiesThe Salt Lake Tribune
13.9%
106,875 copiesThe Providence Journal
13.9%
99,298 copiesAkron Beacon Journal
13.9%
139,826 copiesNews & Observer
13.6%
Number in daily circulation Newspaper % Correct
116,937 copiesThe Birmingham News
13.3%
104,138 copiesDayton Daily News
12.6%
95,938 copiesLos Angeles Daily News
12.6%
103,422 copiesGrand Rapids Press
11.9%
83,923 copiesThe State
11.9%
164,454 copiesThe Virginian-Pilot
11.6%
153,563 copiesSouth Florida Sun-Sentinel
11.6%
87,881 copiesThe Advocate
11.2%
133,161 copiesRichmond Times Dispatch
10.9%
111,539 copiesDaily Herald
10.9%
92,794 copiesThe Oakland Tribune
10.9%
152,848 copiesThe Record
10.5%
109,476 copiesThe Florida Times-Union
10.5%
100,617 copiesThe Morning Call
10.5%
118,868 copiesAsbury Park Press
10.2%
94,066 copiesAlbuquerque Journal
10.2%
168,218 copiesPittsburgh Tribune-Review
9.5%
138,732 copiesInvestor's Business Daily
9.5%
99,733 copiesKnoxville News Sentinel
9.5%
92,213 copiesWisconsin State Journal
9.5%
124,987 copiesDemocrat and Chronicle
9.2%
99,707 copiesLexington Herald-Leader
9.2%
93,770 copiesArizona Daily Star
9.2%
91,977 copiesLa OpiniĆ³n
9.2%
84,059 copiesThe Journal News
9.2%
113,182 copiesThe Press-Enterprise
8.8%
91,962 copiesThe News Journal
8.5%
86,928 copiesThe Post and Courier
8.2%
83,680 copiesThe Times of Northwest Indiana
8.2%
92,849 copiesPress-Register
7.5%
93,688 copiesThe Post-Standard
7.1%
90,546 copiesThe News Tribune
7.1%

You're not logged in!

Compare scores with friends on all Sporcle quizzes.
Sign Up with Email
OR
Log In

You Might Also Like...

Show Comments

Extras

Top Quizzes Today


Score Distribution

Your Account Isn't Verified!

In order to create a playlist on Sporcle, you need to verify the email address you used during registration. Go to your Sporcle Settings to finish the process.